000 00380nam a2200157Ia 4500
008 240729s9999 xx 000 0 und d
022 _a2674-1024
245 0 _aSeeds
260 _aSwitzerland
260 _bMDPI AG
650 _a Plant culture
650 _aAgriculture
856 _uhttps://doaj.org/toc/8d99cf44236541f1a84020848bd078aa
942 _2ddc
942 _cDOAJEJ
999 _c68345
_d68345
945 _a1
_bMadushi Gamage
_c1
_dMadushi Gamage